Modelovanie architektúry integrovaného informačného systému hospodárskej organizácie kandidátska dizertačná práca
Saved in:
| Main Author: | |
|---|---|
| Corporate Author: | |
| Other Authors: | |
| Format: | Book |
| Language: | Slovak |
| Published: |
Bratislava
1994
|
| Subjects: | |
| Tags: |
No Tags, Be the first to tag this record!
|
MARC
| LEADER | 00000nam a2200000 4500 | ||
|---|---|---|---|
| 001 | c013207 | ||
| 005 | 20230116085626.7 | ||
| 041 | 0 | |a slo | |
| 044 | |a SK | ||
| 245 | 1 | 0 | |a Modelovanie architektúry integrovaného informačného systému hospodárskej organizácie |b kandidátska dizertačná práca |c Mária Vrábliková ; Škol. Štefan Čarnický |
| 264 | 1 | |a Bratislava |c 1994 | |
| 300 | |a 174 s. | ||
| 610 | 2 | 0 | |a systémy informačné integrované |
| 610 | 2 | 0 | |a modelovanie |
| 610 | 2 | 0 | |a organizácie hospodárske |
| 100 | 1 | |a Vrábliková, Mária | |
| 700 | 1 | |a Čarnický, Štefan | |
| 710 | 2 | |a Ekonomická univerzita v Bratislave | |